000 00943nas a2200301 4500
001 BR2014002491
003 BR-BrBNA
005 20231205123940.0
007 ta
008 230509b bl.|||p| |||| 00| 00por d
040 _aBR-BrBNA
_bpor
_cBiblioteca Nacional de Agricultura
041 _a(Pt)
072 _aE16
100 1 _aFerreira, F. de F.
100 1 _aNeumann, P.S.
100 1 _aHoffmann, R.
245 1 _aAnálise da matriz energética e econômica das culturas de arroz, soja e trigo em sistemas de produção tecnificados no Rio Grande do Sul
650 _aARROZ
650 _aSOJA
650 _aTRIGO
650 _aANÁLISE ECONÔMICA
650 _aSISTEMA DE PRODUÇÃO
650 _aCUSTO DE PRODUÇÃO
650 _aRIO GRANDE DO SUL
773 0 _tCiência Rural (Brazil)
_xISSN 0103-8478
_g(Feb 2014), v. 44(2) p. 380-385
_wBR2014002491
909 _a202311
_bLúcia
_c55
_dLúcia Elande
942 _2AGRIS
_n0
_cANA
999 _c236541
_d236541